Die Wiedererfindung der Nation : warum wir sie fürchten und warum wir sie brauchen /

Hlavní autor: Assmann, Aleida, 1947-
Jazyk: Němčina
Vydáno: München : C.H.Beck, [2020]
Vydání: Originalausgabe
Edice: C.H. Beck Paperback
Témata:
Fyzický popis: 334 stran ; 21 cm
Knihy
Uloženo v:
LEADER 01612nam a2200457 i 4500
001 001810507
003 CZ BrMZK
005 20220518064345.0
007 ta
008 220104t20202020gw e 001 0 ger
020 |a 978-3-406-76634-3  |q (brožováno) 
040 |a BOA001  |b cze  |e rda 
043 |a e-gx--- 
072 7 |a 323  |x Vnitropolitický vývoj, politický život  |2 Konspekt  |9 15 
080 |a 323.1:316.347  |2 MRF 
080 |a 316.347  |2 MRF 
080 |a 316.72  |2 MRF 
080 |a (430)  |2 MRF 
080 |a (048.8)  |2 MRF 
100 1 |a Assmann, Aleida,  |d 1947-  |7 jx20070219002  |4 aut 
245 1 4 |a Die Wiedererfindung der Nation :  |b warum wir sie fürchten und warum wir sie brauchen /  |c Aleida Assmann 
250 |a Originalausgabe 
264 1 |a München :  |b C.H.Beck,  |c [2020] 
264 4 |c ©2020 
300 |a 334 stran ;  |c 21 cm 
336 |a text  |b txt  |2 rdacontent 
337 |a bez média  |b n  |2 rdamedia 
338 |a svazek  |b nc  |2 rdacarrier 
490 1 |a C.H. Beck Paperback ;  |v 6421 
504 |a Obsahuje bibliografické odkazy a rejstřík 
650 0 7 |a národ (kategorie)  |7 ph123422  |2 czenas 
650 0 7 |a národní identita  |7 ph117245  |2 czenas 
650 0 7 |a kulturní identita  |7 ph122024  |2 czenas 
650 0 7 |a národní identita  |7 ph117245  |z Německo  |2 czenas 
650 0 7 |a kulturní identita  |7 ph122024  |z Německo  |2 czenas 
655 7 |a monografie  |7 fd132842  |2 czenas 
830 0 |a C.H. Beck Paperback 
910 |a BOA001  |b RK-0007.090 
990 |a BK 
991 |b 202205  |c NOV  |x 33 
996 7 |b 261A008456  |c RK-0007.090  |l Rakouská knihovna/2.patro  |r ZHR  |n 1  |p dar  |h P  |w 001874714  |u 000010  |a 0  |e BOA001  |j MZK50  |s A